000 00321 a2200145 4500
001 166803
020 _a
040 _cMagnum
100 _aWerneck, Hamilton
240 1 0 _aA nota prende, a sabedoria liberta
_lpor
245 1 0 _aA nota prende, a sabedoria liberta
362 0 _a1899
697 _aENSINO
942 _cBK
999 _c166803
_d166803